Working with people : the helping process /

Bibliographic Details
Main Author: Brill, Naomi I.
Format: Book
Language:English
Published: New York : Longman, [1998]
Edition:6th ed.
Subjects:

MARC

Tag First Indicator Second Indicator Subfields
LEADER 00000cam a2200000 a 4500
001 in00001406535
005 20151020072742.0
008 970408s1998 nyua b 001 0 eng
010 |a  97016304  
020 |a 0801317991 (pbk.) 
035 |a (OCoLC)36755926 
035 |9 AHQ3476AM 
040 |a DLC  |c DLC  |d C#P  |d TXA  |d UtOrBLW 
049 |a TXAM 
050 0 0 |a HV40  |b .B83 1998 
082 0 0 |a 361.3  |2 21 
100 1 |a Brill, Naomi I. 
245 1 0 |a Working with people :  |b the helping process /  |c Naomi I. Brill. 
250 |a 6th ed. 
264 1 |a New York :  |b Longman,  |c [1998] 
264 4 |c ©1998 
300 |a xix, 252 pages :  |b illustrations ;  |c 24 cm. 
336 |a text  |b txt  |2 rdacontent 
337 |a unmediated  |b n  |2 rdamedia 
338 |a volume  |b nc  |2 rdacarrier 
504 |a Includes bibliographical references and index. 
650 0 |a Social service. 
650 0 |a Social workers. 
650 0 |a Human services. 
650 0 |a Helping behavior. 
948 |a c:jal 
999 |a MARS 
999 f f |s f56a0b02-f9e2-38ce-9ec5-e771d356c681  |i 3eed4461-b4cd-3518-a8b0-e6550226bfd2  |t 0 
952 f f |p ric  |a Texas A&M University  |b Rellis Campus  |c Joint Library Facility  |d Remote Storage  |t 0  |e HV40 .B83 1998  |h Library of Congress classification  |i unmediated -- volume  |m A14823402202 
998 f f |a HV40 .B83 1998  |t 0  |l Remote Storage